00298pab a2200121 454500008004000000245002700040260000900067300001300076362001100089650003100100650001100131773003400142180718b2001 xxu||||| |||| 00| 0 eng d aA CONFOUNDING exercise c2001 ap.817-18 a10 Mar aBudget - India - 2001-2002 aBudget aEconomic and Political Weekly